<?xml version="1.0" encoding="UTF-8"?>
<record
    xmlns:xsi="http://www.w3.org/2001/XMLSchema-instance"
    xsi:schemaLocation="http://www.loc.gov/MARC21/slim http://www.loc.gov/standards/marcxml/schema/MARC21slim.xsd"
    xmlns="http://www.loc.gov/MARC21/slim">

  <leader>01161nam a2200229 i 4500</leader>
  <controlfield tag="001">160959</controlfield>
  <controlfield tag="003">ES-MaACL</controlfield>
  <controlfield tag="005">20230906212149.0</controlfield>
  <controlfield tag="008">960311m18761881sp           |||| | spa d</controlfield>
  <datafield tag="040" ind1=" " ind2=" ">
    <subfield code="a">CYL </subfield>
    <subfield code="b">spa </subfield>
    <subfield code="c">CYL</subfield>
  </datafield>
  <datafield tag="100" ind1="1" ind2=" ">
    <subfield code="a">Oliver y Esteller, Bienvenido.</subfield>
    <subfield code="9">130627</subfield>
  </datafield>
  <datafield tag="245" ind1="1" ind2="0">
    <subfield code="a">Historia del derecho en Catalu&#xF1;a, Mallorca y Valencia </subfield>
    <subfield code="b">: c&#xF3;digo de las costumbres de Tortosa / </subfield>
    <subfield code="c">por Bienvenido Oliver.</subfield>
  </datafield>
  <datafield tag="260" ind1=" " ind2=" ">
    <subfield code="a">Madrid : </subfield>
    <subfield code="b">[s.n.], </subfield>
    <subfield code="c">1876-1881 (</subfield>
    <subfield code="f">Imprenta de Miguel Ginesta)</subfield>
  </datafield>
  <datafield tag="300" ind1=" " ind2=" ">
    <subfield code="a">3 v. ; </subfield>
    <subfield code="c">23 cm.</subfield>
  </datafield>
  <datafield tag="505" ind1="8" ind2=" ">
    <subfield code="a">Contiene: t.IV. Libre de les costums generals scrites de la insigne ciutat de Tortosa: texto aut&#xE9;ntico del siglo XIII / que da &#xE1; luz nuevamente, ilustrado con observaciones cr&#xED;tico literarias y un copioso vocabulario (XXIII, 556 p., [1] h. de l&#xE1;m. pleg.) Ejemp.  n&#xBA; 31 de una tirada de 50.</subfield>
  </datafield>
  <datafield tag="597" ind1=" " ind2=" ">
    <subfield code="a">Antep.</subfield>
  </datafield>
  <datafield tag="597" ind1=" " ind2=" ">
    <subfield code="a">T.I. LXXX, 458 p. -- T.II. VIII, 546 p. -- T.III. 666 p. -- T.IV. XXIV, 573 p.</subfield>
  </datafield>
  <datafield tag="650" ind1="0" ind2="4">
    <subfield code="a">Derecho-</subfield>
    <subfield code="z">Catalu&#xF1;a.</subfield>
    <subfield code="9">11606</subfield>
  </datafield>
  <datafield tag="650" ind1=" " ind2="4">
    <subfield code="a">Derecho-</subfield>
    <subfield code="z">Valencia (Reino)</subfield>
    <subfield code="9">160984</subfield>
  </datafield>
  <datafield tag="650" ind1=" " ind2="4">
    <subfield code="a">Derecho-</subfield>
    <subfield code="z">Mallorca (Reino)</subfield>
    <subfield code="9">160985</subfield>
  </datafield>
  <datafield tag="852" ind1=" " ind2=" ">
    <subfield code="a">ES-MaACL</subfield>
    <subfield code="j">F-14280-82 </subfield>
    <subfield code="z">-- Enc. hol. </subfield>
    <subfield code="q">-- Falta tomo IV</subfield>
  </datafield>
  <datafield tag="999" ind1=" " ind2=" ">
    <subfield code="c">160959</subfield>
    <subfield code="d">160959</subfield>
  </datafield>
  <datafield tag="952" ind1=" " ind2=" ">
    <subfield code="0">0</subfield>
    <subfield code="1">0</subfield>
    <subfield code="4">0</subfield>
    <subfield code="7">0</subfield>
    <subfield code="8">LIBXIX</subfield>
    <subfield code="a">ATENEOM</subfield>
    <subfield code="b">ATENEOM</subfield>
    <subfield code="c">SPP2</subfield>
    <subfield code="d">2008-01-17</subfield>
    <subfield code="l">0</subfield>
    <subfield code="o">F-14280-82</subfield>
    <subfield code="p">1168567</subfield>
    <subfield code="r">2023-02-23 00:00:00</subfield>
    <subfield code="w">2023-02-23</subfield>
    <subfield code="y">MONANT</subfield>
  </datafield>
</record>
